লোডিং...

The role of small enterprises in Indian economic development

গ্রন্থ-পঞ্জীর বিবরন
প্রধান লেখক: Dhar, P.N
অন্যান্য লেখক: Lydall, H.F
বিন্যাস: Printed Book
ভাষা:English
প্রকাশিত: Asia Publishing house Asia Publishing House 1961
বিষয়গুলি:
LEADER 00597nam a22001697a 4500
005 20151215125411.0
008 091204t xxu||||| |||| 00| 0 eng d
082 |a 658. 022  |b DHA 
100 |a Dhar, P.N.  |9 12145 
245 |a The role of small enterprises in Indian economic development 
300 |a xiii,p. 
653 |a Economic Development 
700 |a Lydall, H.F.  |9 12144 
942 |c BK  |6 _ 
260 |a Asia Publishing house  |c 1961  |b Asia Publishing House 
999 |c 103234  |d 103234 
952 |0 0  |1 0  |2 ddc  |4 0  |6 658022_DHA  |7 0  |9 130377  |a SMS  |b SMS  |c GEN  |d 2009-12-04  |o 658.022 DHA  |p SMS000143  |r 2009-12-04  |w 2009-12-04  |y BK